00463caa a22001692a 4500001000900000003001100009008004300020092001600063100001700079245003400096300001600130500008400146700002400230546001300254942000900267999001700276 005593 AR-FADEU 311216n########xxu####################dd a401.9bH236 aEly, Richard aSocialization across contexts aPP. 251-270 aEn: The Handbook of child language /ed. Paul Fletcher. Oxford : Blackwell, 1995 aJean Berko, Gleason aInglés cBDGR c11415d11415